Walking through the fire : (Record no. 1203)

MARC details
000 -LEADER
fixed length control field 00742nam a2200265 i 4500
005 - DATE AND TIME OF LATEST TRANSACTION
control field 20260322212051.0
008 - FIXED-LENGTH DATA ELEMENTS--GENERAL INFORMATION
fixed length control field data
010 ## - LIBRARY OF CONGRESS CONTROL NUMBER
LC control number 76058416
020 ## - INTERNATIONAL STANDARD BOOK NUMBER
International Standard Book Number 0525229558 :
Terms of availability {dollar}6.95
020 ## - INTERNATIONAL STANDARD BOOK NUMBER
International Standard Book Number 9780525229551 :
Terms of availability {dollar}6.95
040 ## - CATALOGING SOURCE
Original cataloging agency DLC
Transcribing agency DLC
Modifying agency CtY
050 0# - LIBRARY OF CONGRESS CALL NUMBER
Classification number RC644
Item number .L42
099 ## - LOCAL FREE-TEXT CALL NUMBER (OCLC)
Classification number LEEL
001 - CONTROL NUMBER
control field data
100 1# - MAIN ENTRY--PERSONAL NAME
Personal name Lee, Laurel.
245 10 - TITLE STATEMENT
Title Walking through the fire :
Remainder of title a hospital journal /
Statement of responsibility, etc. Laurel Lee.
250 ## - EDITION STATEMENT
Edition statement 1st ed.
260 0# - PUBLICATION, DISTRIBUTION, ETC.
Place of publication, distribution, etc. New York :
Name of publisher, distributor, etc. E. P. Dutton,
Date of publication, distribution, etc. c1977.
300 ## - PHYSICAL DESCRIPTION
Extent 113 p. :
Other physical details ill. ;
Dimensions 22 cm.
500 ## - GENERAL NOTE
General note "A Henry Robbins book."
590 ## - LOCAL NOTE (RLIN)
Local note "A Henry Robbins book."
600 10 - SUBJECT ADDED ENTRY--PERSONAL NAME
Personal name Lee, Laurel.
650 #0 - SUBJECT ADDED ENTRY--TOPICAL TERM
Topical term or geographic name entry element Hodgkin's disease
Form subdivision Biography.
650 #0 - SUBJECT ADDED ENTRY--TOPICAL TERM
Topical term or geographic name entry element Pregnancy
General subdivision Complications
Form subdivision Biography.
Holdings
Withdrawn status Lost status Damaged status Not for loan Home library Current library Shelving location Date acquired Total checkouts Full call number Barcode Date last seen Price effective from Koha item type
        Franklin Franklin General stacks 22/03/2026   RC644 .L42 BC0011242 22/03/2026 22/03/2026 Books